Biblioteca

El cristianismo evangélico a través de los siglos (Registro nro. 39503)

Detalles MARC
000 -LÍDER
Campo fijo de descripción fija 01293aam a2200313 i 4500
001 - NÚMERO DE CONTROL
Campo de control 768714001
003 - IDENTIFICADOR DEL NÚMERO DE CONTROL
Campo de control CO-MdFUSB
005 - FECHA Y HORA DE LA ULTIMA TRANSACCIÓN
control field 20211215151432.0
007 - CAMPO FIJO DE DESCRIPCIÓN FIJA--INFORMACIÓN GENERAL
Campo fijo de descripción fija ta
008 - ELEMENTOS DE LONGITUD FIJA -- INFORMACIÓN GENERAL
Campo fijo de descripción fija -- Información general 211215t1987 sp a|||| |||| 00| 0 spa d
020 ## - NÚMERO INTERNACIONAL NORMALIZADO PARA LIBROS
Número Internacional Normalizado del libro 8472286871
040 ## - FUENTE DE CATALOGACIÓN
Idioma de catalogación spa.
Agencia de catalogación original CO-MdFUSB
Agencia que realiza la transcripción CO-MdFUSB
Agencia que realiza la modificación CO-MdFUSBC
Convenciones de la descripción rda
041 ## - CÓDIGO DE IDIOMA
Código de idioma para texto/pista de sonido o título separado spa
082 04 - NÚMERO DE CLASIFICACIÓN DECIMAL DEWEY
Número de clasificación 270
Número de la edición del Dewey 23
Clave de autor-Numero de item V695d
100 1# - ASIENTO PRINCIPAL--NOMBRE PERSONAL
Nombre personal Vila Ventura, Samuel (1902-)
Término relacionador autor
245 13 - TÍTULO
Título del Material El cristianismo evangélico a través de los siglos
Mención de responsabilidad, etc. / Samuel Vila
250 ## - MENCIÓN DE EDICIÓN
Mención de edición 2 edición revisada y ampliada
264 #1 - PRODUCCIÓN, PUBLICACIÓN, DISTRIBUCIÓN, MANUFACTURA, Y COPYRIGHT
Lugar de producción, publicación, distribución, manufactura Terrassa, Barcelona, España :
Nombre del productor, publicador, distribuidor Clie,
Fecha de producción, publicación, distribución, manufactura, o copyright [1987]
264 #4 - PRODUCCIÓN, PUBLICACIÓN, DISTRIBUCIÓN, MANUFACTURA, Y COPYRIGHT
Fecha de producción, publicación, distribución, manufactura, o copyright © 1987
300 ## - DESCRIPCIÓN FÍSICA
Extensión 416 páginas
Dimensiones ; 20 cm
336 ## - TIPO DE CONTENIDO
Término de tipo de contenido texto
Código de tipo de contenido txt
Fuente rdacontent
337 ## - TIPO DE MEDIO
Fuente rdamedia
Nombre del tipo de medio sin mediación
Código del tipo de medio n
338 ## - TIPO DE SOPORTE
Fuente rdacarrier
Nombre del tipo de soporte volumen
Código Tipo de soporte nc
505 ## - NOTA DE CONTENIDO
Nota de contenido con formato preestablecido El siglo apostólico. -- La iglesia de Jerusalén. -- Los emperadores romanos en los siglos de persecución. -- La iglesia de Antioquía: martirio de su pastor San Ignacio. -- Persecución en las primitivas iglesias del Asia menor. -- (Policarpo) (otros mártires).-- Clemente de Roma y Justino mártir. -- Primeros atisbos de corrupción clerical en Roma. (Protestas de san Hipólito y novaciano).
563 ## - NOTA DE ENCUADERNACIÓN
Nota de encuadernación Rústico
650 #0 - ASIENTO SECUNDARIO DE MATERIA - TERMINO TEMÁTICO
9 (RLIN) 153
Término temático o nombre geográfico como elemento de entrada Historia de la Iglesia
942 ## - TIPO DE MATERIAL (KOHA)
Tipo de Item KOHA Libros General
945 ## - INFORMACIÓN LOCAL DEL REGISTRO
Catalogador JTF-925
Existencias
Estado de Material Estado de Perdido Forma de Clasificación Estado de Dañado No para Préstamo Colección Tomo Biblioteca de Origen Biblioteca Permanente Fecha de Adquisición Área Total de Préstamos Signatura Topográfica Código de Barras Última vez visto Última vez Préstado Ejemplar/Existencia Fecha de Remplazo Tipo de Material
    Dewey Decimal Classification     Colección General   Biblioteca FUSBC Biblioteca FUSBC 15/12/2021 TEOLOGÍA CRISTIANA 1 G 270 V695d 14317 01/03/2024 28/02/2024 Ej. 2 26/01/2016 Libros General
    Dewey Decimal Classification     Colección General   Biblioteca FUSBC Biblioteca FUSBC 15/12/2021 TEOLOGÍA CRISTIANA 2 G 270 V695d 6840 31/10/2025 28/10/2025 Ej. 1 26/01/2016 Libros General

Biblioteca FUSBC | Teléfono: (57+4) 349 88 10 Ext. 141| WhatsApp (+57) 3005338115 
E-mail: biblioteca@unisbc.edu.co | Calle 76 87-14 Robledo Palenque, Medellín, Colombia

Con tecnología Koha